| 000 | 01858cam a22003137a 4500 | ||
|---|---|---|---|
| 999 |
_c9222 _d9222 |
||
| 001 | 17399000 | ||
| 003 | GBCCL | ||
| 005 | 20241126110707.0 | ||
| 008 | 120724s2012 tnu b 001 0 eng d | ||
| 010 | _a 2011279158 | ||
| 020 | _a9781433672224 (hbk.) | ||
| 020 | _a1433672227 (hbk.) | ||
| 035 | _a(OCoLC)ocn757475252 | ||
| 040 |
_aBTCTA _beng _cBTCTA _dBDX _dKTS _dDLC |
||
| 042 | _alccopycat | ||
| 050 | 0 | 0 |
_aBV4012.2 _b.C665 2012 |
| 082 | 0 | 0 |
_a253.5 _223 _bCOU |
| 245 | 0 | 0 |
_aCounseling the hard cases : _btrue stories illustrating the sufficiency of God's resources in Scripture / _cStuart Scott and Heath Lambert, editors ; foreword by John MacArthur. |
| 260 |
_aNashville, Tenn. : _bB & H Academic _c2015, 2012. |
||
| 300 |
_axv, 318 p. ; _c24 cm. |
||
| 504 | _aIncludes bibliographical references and indexes. | ||
| 505 | 0 | 0 |
_gIntroduction: _tThe sufficiency of Scripture, the biblical counseling movement, and the purpose of this book / _rHeath Lambert -- _t"Mariana" and surviving sexual abuse / _rLaura Hendrickson -- _t"Brian" and obsessive-compulsive disorder / _rSteve Viars -- _t"Sarah" and postpartum depression / _rHeath Lambert -- _t"Mary" and paralyzing fear / _rDan Wickert -- _t"Ashley" and anorexia / _rMartha Peace -- _t"Tony" and bipolar disorder / _rGarrett Higbee -- _t"Jackie" and dissociative identity disorder / _rStuart Scott -- _t"Jason" and homosexuality / _rKevin Carson -- _t"Julie" and addictions and adultery / _rRobert D. Jones -- _t"Jennifer" and an apparent hard case / _rJohn Babler -- _tConcluding reflections / _rHeath Lambert, _rStuart Scott. |
| 650 | 0 |
_aPastoral counseling. _9547 |
|
| 700 | 1 |
_aScott, Stuart, _d1955- _916038 |
|
| 700 | 1 |
_aLambert, Heath, _d1979- _916039 |
|
| 906 |
_a7 _bcbc _ccopycat _d2 _encip _f20 _gy-gencatlg |
||
| 942 |
_2ddc _cBK _06 |
||